Computer systems design and architecture / (Record no. 26734)
[ view plain ]
| 000 -LEADER | |
|---|---|
| fixed length control field | 00969cam a22002775a 4500 |
| 001 - CONTROL NUMBER | |
| control field | 13403168 |
| 005 - DATE AND TIME OF LATEST TRANSACTION | |
| control field | 20201128024345.0 |
| 008 - FIXED-LENGTH DATA ELEMENTS--GENERAL INFORMATION | |
| fixed length control field | 031114t2004 njua frb 001 0 eng d |
| 020 ## - INTERNATIONAL STANDARD BOOK NUMBER | |
| International Standard Book Number | 0130484407 |
| 020 ## - INTERNATIONAL STANDARD BOOK NUMBER | |
| International Standard Book Number | 9780130484406 |
| 040 ## - CATALOGING SOURCE | |
| Original cataloging agency | DLC |
| Transcribing agency | DLC |
| Modifying agency | YDX |
| -- | BAKER |
| -- | BTCTA |
| -- | LVB |
| -- | YDXCP |
| -- | OCLCG |
| -- | DLC |
| -- | EG-ScBUE |
| Language of cataloging | eng |
| 082 04 - DEWEY DECIMAL CLASSIFICATION NUMBER | |
| Edition number | 22 |
| Classification number | 621.392 |
| Item number | HEU |
| 100 1# - MAIN ENTRY--PERSONAL NAME | |
| Personal name | Heuring, Vincent P. |
| 9 (RLIN) | 11551 |
| 245 10 - TITLE STATEMENT | |
| Title | Computer systems design and architecture / |
| Statement of responsibility, etc | Vincent P. Heuring, Harry F. Jordan ; with a contribution by Miles Murdocca. |
| 250 ## - EDITION STATEMENT | |
| Edition statement | 2nd ed. |
| 260 ## - PUBLICATION, DISTRIBUTION, ETC. (IMPRINT) | |
| Place of publication, distribution, etc | Upper Saddle River : |
| Name of publisher, distributor, etc | Pearson / Prentice Hall, |
| Date of publication, distribution, etc | c.2004. |
| 300 ## - PHYSICAL DESCRIPTION | |
| Extent | xvi, 592 p. : |
| Other physical details | ill. ; |
| Dimensions | 25 cm. |
| 504 ## - BIBLIOGRAPHY, ETC. NOTE | |
| Bibliography, etc | Includes bibliographical references and index. |
| 650 #7 - SUBJECT ADDED ENTRY--TOPICAL TERM | |
| Topical term or geographic name as entry element | System design. |
| Source of heading or term | BUEsh |
| 9 (RLIN) | 733 |
| 650 #7 - SUBJECT ADDED ENTRY--TOPICAL TERM | |
| Topical term or geographic name as entry element | Computer architecture. |
| Source of heading or term | BUEsh |
| 9 (RLIN) | 2654 |
| 651 ## - SUBJECT ADDED ENTRY--GEOGRAPHIC NAME | |
| Source of heading or term | BUEsh |
| 653 ## - INDEX TERM--UNCONTROLLED | |
| Resource For college | Generalities |
| Arrived date list | May2018 |
| 700 1# - ADDED ENTRY--PERSONAL NAME | |
| Personal name | Jordan, Harry F. |
| Fuller form of name | (Harry Frederick) |
| 700 1# - ADDED ENTRY--PERSONAL NAME | |
| Personal name | Murdocca, Miles. |
| 942 ## - ADDED ENTRY ELEMENTS (KOHA) | |
| Source of classification or shelving scheme | Dewey Decimal Classification |
| Withdrawn status | Item status | Source of classification or shelving scheme | Damaged status | Not for loan | Home library | Current library | Shelving location | Date acquired | Total Checkouts | Full call number | Barcode | Date last seen | Date last borrowed | Koha item type |
|---|---|---|---|---|---|---|---|---|---|---|---|---|---|---|
| Dewey Decimal Classification | Central Library | Central Library | First floor | 16/05/2018 | 1 | 621.392 HEU | 000047783 | 15/07/2025 | 16/01/2019 | Book - Borrowing |